Basic gardening illustrated / (Record no. 590127)

000 -LEADER
fixed length control field 01245cam a2200361 a 4500
001 - CONTROL NUMBER
control field 149640
003 - CONTROL NUMBER IDENTIFIER
control field NUST
005 - DATE AND TIME OF LATEST TRANSACTION
control field 20220607095320.0
008 - FIXED-LENGTH DATA ELEMENTS--GENERAL INFORMATION
fixed length control field 980604s1999 cauab 001 0 eng
010 ## - LIBRARY OF CONGRESS CONTROL NUMBER
LC control number 98086300
020 ## - INTERNATIONAL STANDARD BOOK NUMBER
International Standard Book Number 0376030798
038 ## - RECORD CONTENT LICENSOR
Staff Name Arshad
040 ## - CATALOGING SOURCE
Original cataloging agency DLC
Transcribing agency DLC
Modifying agency DLC
050 00 - LIBRARY OF CONGRESS CALL NUMBER
Classification number SB453
Item number .B383 1999
082 00 - DEWEY DECIMAL CLASSIFICATION NUMBER
Classification number 635
Author Mark MOH
100 1# - MAIN ENTRY--PERSONAL NAME
Personal name Moholt, Carol.
9 (RLIN) 7864
245 10 - TITLE STATEMENT
Title Basic gardening illustrated /
Statement of responsibility, etc. by Carol Moholt, Janet Sanchez, and the editors of Sunset Books.
246 1# - VARYING FORM OF TITLE
Display text At head of title:
Title proper/short title Sunset
246 30 - VARYING FORM OF TITLE
Title proper/short title Sunset basic gardening illustrated
250 ## - EDITION STATEMENT
Edition statement 4th ed.
260 ## - PUBLICATION, DISTRIBUTION, ETC.
Place of publication, distribution, etc. Menlo Park, Calif. :
Name of publisher, distributor, etc. Sunset Books,
Date of publication, distribution, etc. c1999.
300 ## - PHYSICAL DESCRIPTION
Extent 192 p. :
Other physical details col. ill., col. map ;
Dimensions 28 cm.
500 ## - GENERAL NOTE
General note Rev. ed. of: Sunset introduction to basic gardening. 3rd ed. c1981.
500 ## - GENERAL NOTE
General note Includes index.
650 #0 - SUBJECT ADDED ENTRY--TOPICAL TERM
Topical term or geographic name entry element Gardening.
9 (RLIN) 7865
700 1# - ADDED ENTRY--PERSONAL NAME
Personal name Sanchez, Janet H.
9 (RLIN) 7866
710 2# - ADDED ENTRY--CORPORATE NAME
Corporate name or jurisdiction name as entry element Sunset Books.
9 (RLIN) 7867
730 0# - ADDED ENTRY--UNIFORM TITLE
Uniform title Sunset introduction to basic gardening.
9 (RLIN) 7868
730 0# - ADDED ENTRY--UNIFORM TITLE
Uniform title Sunset.
9 (RLIN) 7869
906 ## - LOCAL DATA ELEMENT F, LDF (RLIN)
a 7
b cbc
c origcop
d 2
e opcn
f 19
g y-gencatlg
942 ## - ADDED ENTRY ELEMENTS (KOHA)
Source of classification or shelving scheme
Koha item type Book
Holdings
Withdrawn status Lost status Source of classification or shelving scheme Damaged status Not for loan Permanent Location Current Location Date acquired Total Checkouts Full call number Barcode Date last seen Price effective from Koha item type
          Central Library (CL) Central Library (CL) 06/07/2022   635 MOH CL3353 06/07/2022 06/07/2022 Book
© 2023 Central Library, National University of Sciences and Technology. All Rights Reserved.